Exploring language and linguistics / (Record no. 30028)

000 -LEADER
fixed length control field 02470cam a2200373 i 4500
001 - CONTROL NUMBER
control field 18534334
005 - DATE AND TIME OF LATEST TRANSACTION
control field 20190128102935.0
008 - FIXED-LENGTH DATA ELEMENTS--GENERAL INFORMATION
fixed length control field 150320s2015 enka b 001 0 eng
010 ## - LIBRARY OF CONGRESS CONTROL NUMBER
LC control number 2015002319
020 ## - INTERNATIONAL STANDARD BOOK NUMBER
International Standard Book Number 9781107035461 (hardback)
020 ## - INTERNATIONAL STANDARD BOOK NUMBER
International Standard Book Number 9781107662506 (paperback)
040 ## - CATALOGING SOURCE
Original cataloging agency DLC
Language of cataloging eng
Transcribing agency DLC
Description conventions rda
Modifying agency DLC
042 ## - AUTHENTICATION CODE
Authentication code pcc
050 00 - LIBRARY OF CONGRESS CALL NUMBER
Classification number P53.454
Item number .I68 2015
082 00 - DEWEY DECIMAL CLASSIFICATION NUMBER
Classification number 400
Edition number 23
245 00 - TITLE STATEMENT
Title Exploring language and linguistics /
Statement of responsibility, etc. edited by Natalie Braber, Louise Cummings and Liz Morrish.
300 ## - PHYSICAL DESCRIPTION
Extent xvi, 487 pages :
Other physical details illustrations ;
Dimensions 26 cm
504 ## - BIBLIOGRAPHY, ETC. NOTE
Bibliography, etc Includes bibliographical references and index.
520 ## - SUMMARY, ETC.
Summary, etc. "Introducting Language and Linguistics considers the key concepts of linguistics and the application of these concepts to real-world settings. The first eight chapters cover the standard topics of introduction to linguistics courses, while subsequent chapters introduce students to applied topics such as media discourse, literary linguistics and psycholinguistics. Each chapter has been written by a subject expert and experienced teacher, ensuring that the text is both up-to-date and clearly presented. Numerous learning features provide extensive student support: exercises allow students to review their understanding of key topics; summaries encourage students to reflect on the main points of each chapter; figures, photos, tables and charts clarify complex topics; and annotated suggestions for further reading point students to resources for self-study. A companion website, with 170 self-test questions, suggested group exercises, audio files and links to additional web resources, completes the learning package"--
650 #0 - SUBJECT ADDED ENTRY--TOPICAL TERM
Topical term or geographic name as entry element Language awareness.
650 #0 - SUBJECT ADDED ENTRY--TOPICAL TERM
Topical term or geographic name as entry element Linguistics
General subdivision Study and teaching (Higher)
650 #0 - SUBJECT ADDED ENTRY--TOPICAL TERM
Topical term or geographic name as entry element Language and languages
General subdivision Study and teaching (Higher)
650 #0 - SUBJECT ADDED ENTRY--TOPICAL TERM
Topical term or geographic name as entry element Applied linguistics.
650 #0 - SUBJECT ADDED ENTRY--TOPICAL TERM
Topical term or geographic name as entry element Language acquisition.
700 1# - ADDED ENTRY--PERSONAL NAME
Personal name Braber, Natalie,
Relator term editor.
700 1# - ADDED ENTRY--PERSONAL NAME
Personal name Cummings, Louise,
Relator term editor.
700 1# - ADDED ENTRY--PERSONAL NAME
Personal name Morrish, Liz,
Dates associated with a name 1959-
Relator term editor.
906 ## - LOCAL DATA ELEMENT F, LDF (RLIN)
a 7
b cbc
c orignew
d 1
e ecip
f 20
g y-gencatlg
942 ## - ADDED ENTRY ELEMENTS (KOHA)
Source of classification or shelving scheme
Koha item type Hard Covered Materials
Classification part P53.454 .I68 2015
Holdings
Withdrawn status Lost status Source of classification or shelving scheme Damaged status Not for loan Home library Current library Shelving location Date acquired Source of acquisition Total Checkouts Full call number Barcode Date last seen Date last checked out Price effective from Koha item type
          MACHAKOS UNIVERSITY LIBRARY MACHAKOS UNIVERSITY LIBRARY All Collections 28/01/2019 Donation (EYS) 11 P53.454 .I68 2015 38526 08/12/2025 24/11/2025 28/01/2019 Hard Covered Materials
© Machakos University Library, Along The Highway, Machakos Wote Rd, Machakos, Kenya P.O. Box 136 - 90100 Machakos - Kenya

Tel: ( +254 ) 723 805829 OR Fax : 044-20353 OR Email: library@mksu.ac.ke